00532 a2200157 4500003000500000005001700005040000900022082000800031100001500039245005500054260002400109300001000133505018800143538002900331650001400360Nust20170207153455.0 cNust a920 aEchilles,M aTagore and NehrubA Study In ContrastcM. Echilles aLahorebTagore Pub a119:p aFamily Antecedents (Page-9), Socialist Comrades (Page-24), China (Page-38), Internationalism (Page-50), Love To Poetry (Page-62), Travel (Page-65), Fame In Other Countries (Page-114). aAlmirah No.60 Shelf No.3 aBiography